[Event "Österreichische Meisterschaften"]
[Site "Imst"]
[Date "2008.03.17"]
[Round "1.1"]
[White "Fröwis, Georg"]
[Black "Helmreich, Christian"]
[Result "1-0"]
[WhiteElo "2194"]
[BlackElo "1998"]
[PlyCount "65"]
[EventDate "2008.03.17"]

1. d3 e5 2. e3 d5 3. d4 e4 4. c4 c6 5. Qb3 a6 6. Nc3 Nf6 7. Nh3 b5 8. cxd5 cxd5
9. Nf4 Be6 10. Bd2 Be7 11. Be2 O-O 12. f3 Bd6 13. Nxe6 fxe6 14. O-O exf3 15.
Bxf3 Bc7 16. Rac1 Qd6 17. g3 Nc6 18. Qc2 Nb4 19. Nxb5 Nxc2 20. Nxd6 Nxe3 21.
Rxc7 Nxf1 22. Bf4 Ne4 23. Nxe4 dxe4 24. Bxe4 Nxg3 25. hxg3 Rad8 26. Be5 Rf7 27.
Bxh7+ Kf8 28. Rxf7+ Kxf7 29. Bd3 a5 30. b3 Rc8 31. Bc4 Rd8 32. a4 Rd7 33. Kg2
1-0

[Event "Österreichische Meisterschaften"]
[Site "Imst"]
[Date "2008.03.17"]
[Round "1.2"]
[White "Exler, Veronika"]
[Black "Platzgummer, Fabian"]
[Result "1/2-1/2"]
[WhiteElo "1974"]
[BlackElo "2192"]
[PlyCount "28"]
[EventDate "2008.03.17"]

1. e4 c5 2. c3 Nf6 3. e5 Nd5 4. d4 cxd4 5. Nf3 e6 6. cxd4 b6 7. Nc3 Nxc3 8.
bxc3 Qc7 9. Bd2 d6 10. Bd3 Bb7 11. O-O Nd7 12. Ng5 dxe5 13. f4 e4 14. f5 exd3
1/2-1/2

[Event "Österreichische Meisterschaften"]
[Site "Imst"]
[Date "2008.03.17"]
[Round "1.3"]
[White "Poetz, Florian"]
[Black "Benkö, Markus"]
[Result "1-0"]
[WhiteElo "2172"]
[BlackElo "1943"]
[PlyCount "67"]
[EventDate "2008.03.17"]

1. e4 e5 2. Nf3 Nc6 3. Bb5 a6 4. Ba4 Nf6 5. O-O Be7 6. Re1 b5 7. Bb3 d6 8. c3
Bg4 9. h3 Bh5 10. g4 Bg6 11. d4 Na5 12. dxe5 dxe5 13. Nxe5 Qxd1 14. Bxd1 Bxe4
15. b4 Nc6 16. Rxe4 Nxe4 17. Nxc6 Bh4 18. Be3 O-O 19. Bf3 Rae8 20. Bxe4 Rxe4
21. Nd2 Re6 22. Nd4 Rg6 23. Nf5 Bf6 24. Ne4 Re8 25. Nxf6+ Rxf6 26. Rd1 h5 27.
Kg2 hxg4 28. hxg4 Rc6 29. Bc5 Rce6 30. Rd7 Re2 31. Bd4 Rxa2 32. Bxg7 Ree2 33.
Bd4 Re6 34. Rxc7 1-0

[Event "Österreichische Meisterschaften"]
[Site "Imst"]
[Date "2008.03.17"]
[Round "1.4"]
[White "Scheiber, Michael"]
[Black "Radnetter, Georg"]
[Result "1-0"]
[WhiteElo "1943"]
[BlackElo "2150"]
[PlyCount "68"]
[EventDate "2008.03.17"]

1. e4 c5 2. Nc3 g6 3. g3 Bg7 4. Bg2 Nc6 5. Nge2 e6 6. O-O Nge7 7. d3 d6 8. h3
a6 9. a4 O-O 10. f4 Nd4 11. Nxd4 cxd4 12. Na2 Bd7 13. g4 Rc8 14. c4 dxc3 15.
bxc3 Bxc3 16. Nxc3 Rxc3 17. Bb2 Qb6+ 18. Rf2 Rb3 19. Bf6 Nc6 20. a5 Nxa5 21.
Qd2 Rb1+ 22. Kh2 h6 23. f5 Kh7 24. Rxb1 Qxb1 25. Qxa5 Qb5 26. Qxb5 Bxb5 27. Be7
Re8 28. fxg6+ Kxg6 29. Bxd6 Bxd3 30. Rb2 b5 31. e5 f6 32. Bb7 fxe5 33. Bxe5 Rd8
34. Rd2 Rd7 1-0

[Event "Österreichische Meisterschaften"]
[Site "Imst"]
[Date "2008.03.17"]
[Round "1.5"]
[White "Lampl, Gerald"]
[Black "Zwanowetz, Thomas"]
[Result "1-0"]
[WhiteElo "2118"]
[BlackElo "1859"]
[PlyCount "51"]
[EventDate "2008.03.17"]

1. d4 Nf6 2. c4 g6 3. Nc3 Bg7 4. Nf3 O-O 5. g3 d6 6. Bg2 Nc6 7. d5 Nb8 8. Nd4
Nbd7 9. O-O Ne5 10. b3 Nfd7 11. Bb2 Nc5 12. h3 g5 13. Qd2 h6 14. f4 gxf4 15.
gxf4 Ng6 16. b4 Na6 17. Ne4 Nh4 18. Rf2 Qd7 19. f5 Qa4 20. a3 f6 21. Qf4 Nxg2
22. Rxg2 Kh8 23. Kh2 Qe8 24. Rag1 Rg8 25. Rg6 Qf7 26. Bc1 1-0

[Event "Österreichische Meisterschaften"]
[Site "Imst"]
[Date "2008.03.17"]
[Round "1.6"]
[White "Schmidrathner, Christian"]
[Black "Klocker, Benedikt"]
[Result "1/2-1/2"]
[WhiteElo "1855"]
[BlackElo "2105"]
[PlyCount "68"]
[EventDate "2008.03.17"]

1. e4 c5 2. b4 cxb4 3. a3 bxa3 4. Nxa3 d6 5. d4 Nf6 6. Bd3 Nc6 7. Ne2 g6 8. c3
Bg7 9. O-O O-O 10. f4 e5 11. Nc2 Qb6 12. Ba3 exd4 13. cxd4 Re8 14. e5 dxe5 15.
fxe5 Nd5 16. Rb1 Qd8 17. Bc4 b6 18. Nf4 Nxf4 19. Rxf4 Be6 20. d5 Bf5 21. dxc6
Bxe5 22. Rf2 Bxh2+ 23. Kxh2 Qh4+ 24. Kg1 Qxc4 25. Qf3 Rac8 26. Qg3 Bxc2 27. Rc1
Qd3 28. Qf4 Bb3 29. Qf6 Re2 30. Rxe2 Qxe2 31. Bb2 Qe3+ 32. Kh1 Qh6+ 33. Kg1
Qe3+ 34. Kh1 Qh6+ 1/2-1/2

[Event "Österreichische Meisterschaften"]
[Site "Imst"]
[Date "2008.03.17"]
[Round "1.7"]
[White "Kuran, Avelino"]
[Black "Klocker, Samuel"]
[Result "1/2-1/2"]
[WhiteElo "2104"]
[BlackElo "1835"]
[PlyCount "97"]
[EventDate "2008.03.17"]

1. e4 e5 2. d4 exd4 3. Qxd4 Nc6 4. Qe3 Nf6 5. Nc3 Bb4 6. Bd2 d6 7. O-O-O Be6 8.
f3 Qd7 9. g4 Bc5 10. Qe1 h6 11. Nge2 Bxg4 12. fxg4 Nxg4 13. Bh3 Nce5 14. Bf4
Ng6 15. Qg3 h5 16. Bxg4 hxg4 17. Nd5 c6 18. b4 Rh3 19. Qg2 Nh4 20. Qf1 Rf3 21.
Qe1 Bf2 22. Qd2 cxd5 23. exd5 Ng6 24. Kb1 Nxf4 25. Nxf4 Kf8 26. Nd3 Be3 27. Qg2
a5 28. Ne1 axb4 29. Nxf3 Qa4 30. c4 gxf3 31. Qb2 Bg5 32. Rd3 Bf6 33. Qb3 Qxb3+
34. Rxb3 f2 35. Rf1 Bd4 36. Rxb4 Re8 37. Kc2 Re1 38. Rb1 Rxf1 39. Rxf1 b6 40.
Kd3 Bc5 41. Ke2 Ke7 42. Rb1 g5 43. a4 Bd4 44. Rd1 Bc5 45. h4 gxh4 46. Rh1 Kf6
47. Rxh4 Ke5 48. Rh5+ f5 49. Rh4 1/2-1/2

[Event "Österreichische Meisterschaften"]
[Site "Imst"]
[Date "2008.03.17"]
[Round "1.8"]
[White "Kuecher, Wolfgang"]
[Black "Breneis, Lukas"]
[Result "0-1"]
[WhiteElo "1818"]
[BlackElo "2078"]
[PlyCount "86"]
[EventDate "2008.03.17"]

1. d4 Nf6 2. Bg5 g6 3. Bxf6 exf6 4. Nf3 d5 5. e3 c6 6. c4 Bd6 7. Nc3 Be6 8.
cxd5 cxd5 9. Qb3 Qd7 10. Rc1 Nc6 11. Bd3 O-O 12. h4 h5 13. O-O Kg7 14. a3 Rad8
15. Qc2 Bg4 16. Nh2 Ne7 17. Be2 Bxh2+ 18. Kxh2 Nf5 19. g3 g5 20. Bxg4 hxg4 21.
hxg5 fxg5 22. Kg2 Rh8 23. Rh1 Rh3 24. Rxh3 gxh3+ 25. Kh2 Nh6 26. Qe2 Ng4+ 27.
Kh1 Re8 28. Qf3 Nf6 29. Re1 Ne4 30. Nxe4 dxe4 31. Qh5 Qf5 32. Qe2 Rc8 33. Rg1
g4 34. Kh2 Rc6 35. Rd1 Rf6 36. Rf1 Kg6 37. Qd1 Kg5 38. Qe2 Rc6 39. Qd1 Qb5 40.
b4 Rc2 41. Qxc2 Qxf1 42. Qc5+ Kg6 43. Qd6+ f6 0-1

[Event "Österreichische Meisterschaften"]
[Site "Imst"]
[Date "2008.03.17"]
[Round "1.9"]
[White "Heiny, Michael"]
[Black "Bisztyga, Oliver"]
[Result "1-0"]
[WhiteElo "2009"]
[BlackElo "1814"]
[PlyCount "87"]
[EventDate "2008.03.17"]

1. d4 d5 2. c4 e6 3. Nc3 Nf6 4. cxd5 exd5 5. Bg5 c6 6. Qc2 Be7 7. e3 O-O 8. Bd3
Nbd7 9. Nf3 Re8 10. O-O Nf8 11. h3 g6 12. Rab1 Ne6 13. Bh4 Ng7 14. b4 a6 15. a4
Bf5 16. Bxf5 Nxf5 17. Bxf6 Bxf6 18. b5 axb5 19. axb5 Nd6 20. bxc6 bxc6 21. Na4
Nc4 22. Rbc1 Qe7 23. Nc5 Na3 24. Qd3 Reb8 25. Ra1 Nc4 26. Nd2 Rxa1 27. Rxa1
Nxd2 28. Qxd2 Qxc5 29. dxc5 Bxa1 30. Qa2 Be5 31. f4 Bf6 32. Qa6 d4 33. Qxc6
dxe3 34. Qe4 Rd8 35. Kh2 Bd4 36. Qe7 Rf8 37. c6 Bb6 38. Kg3 Ra8 39. Kf3 Rc8 40.
Qb7 Re8 41. Ke2 Ba5 42. Qa7 Bd8 43. Qd7 Kf8 44. c7 1-0

[Event "Österreichische Meisterschaften"]
[Site "Imst"]
[Date "2008.03.17"]
[Round "2.1"]
[White "Breneis, Lukas"]
[Black "Fröwis, Georg"]
[Result "1-0"]
[WhiteElo "2078"]
[BlackElo "2194"]
[PlyCount "93"]
[EventDate "2008.03.17"]

1. c4 e6 2. g3 d5 3. Bg2 Nf6 4. Nf3 dxc4 5. O-O c6 6. Qc2 Be7 7. Qxc4 b5 8. Qc2
Bb7 9. d4 Nbd7 10. Nc3 a6 11. Bg5 c5 12. Rad1 cxd4 13. Nxd4 Qb6 14. Bxb7 Qxb7
15. a3 h6 16. Be3 O-O 17. Nf3 Rac8 18. Bd4 Bc5 19. Rd2 Bxd4 20. Rxd4 Nd5 21.
Rfd1 N7b6 22. Qe4 Qc7 23. Nxd5 Nxd5 24. Qd3 Nf6 25. Rd6 Ra8 26. Qd4 Nd5 27. Qe5
Qb7 28. Nd4 Nf6 29. Nf3 Rac8 30. Qd4 Nd5 31. Ne5 Rc7 32. Nd3 Rc4 33. Qe5 Rfc8
34. b3 Rc3 35. b4 Rxa3 36. Nc5 Qc7 37. Nxe6 fxe6 38. Qxe6+ Kh7 39. Qxd5 Rf8 40.
Qe4+ Kh8 41. Qd4 Qf7 42. Rxh6+ Kg8 43. Rh4 Ra2 44. Rf4 Qe6 45. Rxf8+ Kxf8 46.
Qd8+ Qe8 47. Qc7 1-0

[Event "Österreichische Meisterschaften"]
[Site "Imst"]
[Date "2008.03.17"]
[Round "2.2"]
[White "Heiny, Michael"]
[Black "Poetz, Florian"]
[Result "1/2-1/2"]
[WhiteElo "2009"]
[BlackElo "2172"]
[PlyCount "61"]
[EventDate "2008.03.17"]

1. d4 Nf6 2. c4 e6 3. Nf3 c5 4. d5 d6 5. Nc3 exd5 6. cxd5 g6 7. e4 Bg7 8. Bd3
O-O 9. h3 b5 10. Bxb5 Nxe4 11. Nxe4 Qa5+ 12. Nfd2 Qxb5 13. Nxd6 Qa6 14. N2c4
Nd7 15. O-O Ne5 16. Nxe5 Qxd6 17. Nc4 Qa6 18. Ne3 Bb7 19. Qc2 Bd4 20. Bd2 f5
21. Rfe1 f4 22. Ng4 Qd6 23. Qe4 Bxd5 24. Qe7 Qxe7 25. Rxe7 Bxb2 26. Rb1 Bg7 27.
Rb5 Bxa2 28. Rxc5 h5 29. Ne5 Rf5 30. Ra5 Bxe5 31. Rexe5 1/2-1/2

[Event "Österreichische Meisterschaften"]
[Site "Imst"]
[Date "2008.03.17"]
[Round "2.3"]
[White "Scheiber, Michael"]
[Black "Lampl, Gerald"]
[Result "0-1"]
[WhiteElo "1943"]
[BlackElo "2118"]
[PlyCount "78"]
[EventDate "2008.03.17"]

1. e4 c6 2. d4 d5 3. exd5 cxd5 4. Bd3 Nf6 5. c3 Bg4 6. Qb3 Qc8 7. h3 Bh5 8. Bf4
e6 9. Nd2 Be7 10. Ngf3 Nbd7 11. O-O O-O 12. Rfe1 Bg6 13. Bxg6 hxg6 14. a4 Qc6
15. Qc2 a6 16. Ne5 Nxe5 17. Bxe5 b5 18. axb5 axb5 19. Qb3 Rfc8 20. Rac1 Ra4 21.
Qd1 Ra2 22. b4 Nd7 23. Bf4 Nf6 24. f3 Nh5 25. Bh2 Bg5 26. Re2 Ra3 27. Nb1 Bxc1
28. Qxc1 Ra1 29. Rc2 Rca8 30. g4 Nf6 31. Bg3 Qc4 32. Be1 R8a2 33. Qd2 Rxb1 34.
Rxa2 Rxe1+ 35. Qxe1 Qxa2 36. Qe3 Qc2 37. h4 Nd7 38. Qg5 Qxc3 39. Qd8+ Nf8 0-1

[Event "Österreichische Meisterschaften"]
[Site "Imst"]
[Date "2008.03.17"]
[Round "2.4"]
[White "Platzgummer, Fabian"]
[Black "Schmidrathner, Christian"]
[Result "1/2-1/2"]
[WhiteElo "2192"]
[BlackElo "1855"]
[PlyCount "57"]
[EventDate "2008.03.17"]

1. e4 c5 2. Nc3 Nc6 3. g3 g6 4. Bg2 Bg7 5. d3 d6 6. Be3 e6 7. Qd2 Rb8 8. f4
Nge7 9. Nf3 Nd4 10. Nd1 Nec6 11. c3 Nxf3+ 12. Bxf3 e5 13. O-O O-O 14. f5 b5 15.
Nf2 Bb7 16. h4 Ne7 17. Ng4 gxf5 18. Nh6+ Kh8 19. exf5 Ng8 20. Nxg8 Rxg8 21.
Bxb7 Rxb7 22. Rf2 Bf6 23. Rg2 Rg4 24. Qf2 Qg8 25. Qf3 Rb8 26. Kh2 h5 27. Rh1
Qg7 28. Kg1 b4 29. cxb4 1/2-1/2

[Event "Österreichische Meisterschaften"]
[Site "Imst"]
[Date "2008.03.17"]
[Round "2.5"]
[White "Klocker, Benedikt"]
[Black "Kuran, Avelino"]
[Result "1-0"]
[WhiteElo "2105"]
[BlackElo "2104"]
[PlyCount "59"]
[EventDate "2008.03.17"]

1. e4 c5 2. Nf3 d6 3. d4 cxd4 4. Nxd4 Nf6 5. Nc3 g6 6. Be3 Bg7 7. f3 Nc6 8. Qd2
O-O 9. Bc4 Bd7 10. h4 h5 11. O-O-O Ne5 12. Bb3 Rc8 13. Bg5 Rc5 14. Kb1 b5 15.
g4 hxg4 16. h5 Nxh5 17. Nd5 Re8 18. Rxh5 gxh5 19. Qh2 Nc4 20. Qxh5 Rxd5 21.
exd5 Qb6 22. c3 Qc5 23. Rh1 e5 24. Bh6 Bf6 25. Ne6 Rxe6 26. Qxg4+ Bg5 27. Qxg5+
Rg6 28. Qd8+ Kh7 29. Be3+ Kg7 30. Qh8# 1-0

[Event "Österreichische Meisterschaften"]
[Site "Imst"]
[Date "2008.03.17"]
[Round "2.6"]
[White "Klocker, Samuel"]
[Black "Exler, Veronika"]
[Result "1/2-1/2"]
[WhiteElo "1835"]
[BlackElo "1974"]
[PlyCount "23"]
[EventDate "2008.03.17"]

1. e4 Nc6 2. d4 d5 3. exd5 Qxd5 4. c3 Nf6 5. Nf3 Bg4 6. Be2 O-O-O 7. Be3 e5 8.
O-O exd4 9. Nxd4 Bxe2 10. Qxe2 Nxd4 11. Bxd4 Qe4 12. Qxe4 1/2-1/2

[Event "Österreichische Meisterschaften"]
[Site "Imst"]
[Date "2008.03.17"]
[Round "2.7"]
[White "Radnetter, Georg"]
[Black "Zwanowetz, Thomas"]
[Result "1-0"]
[WhiteElo "2150"]
[BlackElo "1859"]
[PlyCount "49"]
[EventDate "2008.03.17"]

1. e4 e6 2. d4 d5 3. Nc3 Nf6 4. Bg5 Be7 5. e5 Nfd7 6. Bxe7 Qxe7 7. f4 O-O 8.
Bd3 c5 9. dxc5 Nxc5 10. Nf3 Nxd3+ 11. Qxd3 h6 12. O-O b6 13. Qd2 Ba6 14. Rf2
Nc6 15. f5 exf5 16. Nxd5 Qd8 17. Nf6+ Kh8 18. Qf4 Bc8 19. Rd2 Qc7 20. Rd6 Be6
21. Nh4 Rad8 22. Rxe6 Rd4 23. Rxc6 Rxf4 24. Rxc7 Rxh4 25. Nd7 1-0

[Event "Österreichische Meisterschaften"]
[Site "Imst"]
[Date "2008.03.17"]
[Round "2.8"]
[White "Helmreich, Christian"]
[Black "Kuecher, Wolfgang"]
[Result "1-0"]
[WhiteElo "1998"]
[BlackElo "1818"]
[PlyCount "55"]
[EventDate "2008.03.17"]

1. e4 c6 2. d4 d5 3. exd5 cxd5 4. Bd3 Nf6 5. h3 Nc6 6. Nf3 e6 7. Bf4 Bd6 8.
Bxd6 Qxd6 9. c3 Bd7 10. Qe2 Nh5 11. g3 Nf6 12. Ne5 Qe7 13. f4 Nxe5 14. fxe5 Ne4
15. Bxe4 dxe4 16. Nd2 Bc6 17. Nxe4 Bxe4 18. Qxe4 O-O-O 19. O-O-O Rd5 20. Rhf1
Kb8 21. Rd3 Rc8 22. Rdf3 Rd7 23. Rxf7 Qxf7 24. Rxf7 Rxf7 25. Qxh7 Rcf8 26. Kc2
b5 27. Qg6 a5 28. Qxe6 1-0

[Event "Österreichische Meisterschaften"]
[Site "Imst"]
[Date "2008.03.17"]
[Round "2.9"]
[White "Benkö, Markus"]
[Black "Bisztyga, Oliver"]
[Result "0-1"]
[WhiteElo "1943"]
[BlackElo "1814"]
[PlyCount "58"]
[EventDate "2008.03.17"]

1. d4 Nf6 2. c4 g6 3. Nc3 d5 4. cxd5 Nxd5 5. e4 Nxc3 6. bxc3 Bg7 7. Nf3 c5 8.
Bb5+ Bd7 9. Bxd7+ Qxd7 10. O-O O-O 11. Bb2 Na6 12. Qe2 Rac8 13. Rfd1 e6 14.
Rab1 Qa4 15. d5 exd5 16. exd5 Rfe8 17. Qd2 c4 18. Re1 Red8 19. Rbd1 Nc5 20. Ne5
Bxe5 21. Rxe5 Nd3 22. f4 Nxb2 23. Rf1 Nd3 24. Rg5 Qb5 25. f5 Rxd5 26. Qe2 Re8
27. fxg6 hxg6 28. Qxe8+ Qxe8 29. Rxd5 Qe3+ 0-1

[Event "Österreichische Meisterschafte"]
[Site "Imst"]
[Date "2008.03.18"]
[Round "3.1"]
[White "Lampl, Gerald"]
[Black "Breneis, Lukas"]
[Result "1/2-1/2"]
[WhiteElo "2118"]
[BlackElo "2078"]
[PlyCount "78"]
[EventDate "2008.03.17"]

1. d4 Nf6 2. c4 g6 3. Nc3 Bg7 4. Nf3 O-O 5. g3 d6 6. Bg2 Nc6 7. d5 Na5 8. b3 c5
9. Bb2 a6 10. O-O Bd7 11. Nd2 b5 12. Qc2 Rb8 13. Rab1 Qc8 14. Nd1 bxc4 15. bxc4
Qc7 16. Ne3 Ng4 17. Bxg7 Kxg7 18. Nxg4 Bxg4 19. f3 Bd7 20. e4 e5 21. Qc3 f6 22.
Rfc1 h5 23. Nf1 Rb4 24. Rxb4 cxb4 25. Qxb4 Rb8 26. Qc3 Qc5+ 27. Kh1 h4 28. g4
Rb4 29. Nd2 g5 30. Bf1 Ra4 31. Nb3 Qf2 32. Qd2 Qxf3+ 33. Bg2 Nxb3 34. Qc2 Qxg4
35. axb3 Ra5 36. h3 Qg3 37. Qc3 Qxc3 38. Rxc3 g4 39. hxg4 Bxg4 1/2-1/2

[Event "Österreichische Meisterschafte"]
[Site "Imst"]
[Date "2008.03.18"]
[Round "3.2"]
[White "Poetz, Florian"]
[Black "Klocker, Benedikt"]
[Result "1-0"]
[WhiteElo "2172"]
[BlackElo "2105"]
[PlyCount "73"]
[EventDate "2008.03.17"]

1. e4 c5 2. Nc3 Nc6 3. Nge2 g6 4. d4 cxd4 5. Nxd4 Bg7 6. Be3 d6 7. Bc4 Nf6 8.
f3 O-O 9. Qd2 Bd7 10. Bb3 Rc8 11. O-O-O Ne5 12. Kb1 Re8 13. h4 h5 14. Bh6 Bh8
15. g4 Qa5 16. gxh5 Nxh5 17. Rhg1 Nc4 18. Qd3 Ne5 19. Qe2 Qa6 20. Ndb5 Kh7 21.
Be3 Rf8 22. a4 Qa5 23. f4 Nc6 24. Rg5 Nf6 25. h5 Bg4 26. hxg6+ fxg6 27. Rxg4
Nxg4 28. Qxg4 Bxc3 29. Nxc3 Qh5 30. Qg2 Kg7 31. Rh1 Qa5 32. f5 Rf6 33. Bh6+ Kh7
34. Bg5+ Kg7 35. Bxf6+ Kxf6 36. Qxg6+ Ke5 37. Qe6+ 1-0

[Event "Österreichische Meisterschafte"]
[Site "Imst"]
[Date "2008.03.18"]
[Round "3.3"]
[White "Fröwis, Georg"]
[Black "Heiny, Michael"]
[Result "1-0"]
[WhiteElo "2194"]
[BlackElo "2009"]
[PlyCount "59"]
[EventDate "2008.03.17"]

1. e4 e6 2. d4 d5 3. Nc3 Nf6 4. e5 Nfd7 5. Nf3 c5 6. dxc5 Nc6 7. Bf4 Bxc5 8.
Bd3 Qb6 9. O-O a6 10. a3 Qc7 11. Qe2 Nd4 12. Nxd4 Bxd4 13. Rae1 Bxc3 14. bxc3
Qxc3 15. Qg4 g6 16. Re3 Qc7 17. Qh3 Nc5 18. Qh6 Qe7 19. Bg5 Qf8 20. Qh4 Nd7 21.
Bh6 Qe7 22. Qf4 Rg8 23. Bg5 Qf8 24. Rd1 Qg7 25. c4 dxc4 26. Bxc4 b6 27. Be2 Bb7
28. Bf3 Rb8 29. Rc3 f6 30. exf6 1-0

[Event "Österreichische Meisterschafte"]
[Site "Imst"]
[Date "2008.03.18"]
[Round "3.4"]
[White "Klocker, Samuel"]
[Black "Platzgummer, Fabian"]
[Result "1/2-1/2"]
[WhiteElo "1835"]
[BlackElo "2192"]
[PlyCount "80"]
[EventDate "2008.03.17"]

1. e4 d6 2. d4 Nf6 3. Nc3 e5 4. Nf3 Nbd7 5. Bc4 Be7 6. O-O O-O 7. Be3 c6 8.
dxe5 dxe5 9. Qe2 Qc7 10. Rad1 Nc5 11. Ng5 b5 12. Bxc5 Bxc5 13. Bb3 Bg4 14. Nf3
Nh5 15. Qe1 Qe7 16. Ne2 Qf6 17. Qc3 Bb6 18. a3 Rad8 19. h3 Bd4 20. Nexd4 exd4
21. Rxd4 Nf4 22. Re1 Nxh3+ 23. Kf1 Nf4 24. Rxd8 Qxd8 25. Ne5 Qh4 26. Kg1 Ne2+
27. Rxe2 Bxe2 28. Qxc6 Qe7 29. f4 Bh5 30. g4 Bg6 31. Qxb5 Qh4 32. f5 Qe1+ 33.
Kh2 Qf2+ 34. Kh1 Qe1+ 35. Kh2 Qd2+ 36. Kg1 Qc1+ 37. Kh2 Qf4+ 38. Kg1 Qxe4 39.
fxg6 Qe3+ 40. Kg2 Qd2+ 1/2-1/2

[Event "Österreichische Meisterschafte"]
[Site "Imst"]
[Date "2008.03.18"]
[Round "3.5"]
[White "Schmidrathner, Christian"]
[Black "Radnetter, Georg"]
[Result "0-1"]
[WhiteElo "1855"]
[BlackElo "2150"]
[PlyCount "38"]
[EventDate "2008.03.17"]

1. e4 c5 2. b4 cxb4 3. a3 d5 4. exd5 Qxd5 5. Nf3 e6 6. Bb2 Nf6 7. Bd3 Nc6 8.
O-O Be7 9. Re1 O-O 10. Ne5 Nxe5 11. Rxe5 Qd8 12. Rg5 g6 13. axb4 Nd5 14. Rh5
Bf6 15. Bxf6 Qxf6 16. Ra3 gxh5 17. Qxh5 h6 18. Be4 Kh8 19. Rf3 Qg5 0-1

[Event "Österreichische Meisterschafte"]
[Site "Imst"]
[Date "2008.03.18"]
[Round "3.6"]
[White "Bisztyga, Oliver"]
[Black "Helmreich, Christian"]
[Result "0-1"]
[WhiteElo "1814"]
[BlackElo "1998"]
[PlyCount "180"]
[EventDate "2008.03.17"]

1. e4 Nf6 2. e5 Nd5 3. d4 d6 4. c4 Nb6 5. exd6 exd6 6. Nc3 Bf5 7. Nf3 Be7 8.
Be2 O-O 9. O-O Bf6 10. Be3 Nc6 11. a3 d5 12. cxd5 Nxd5 13. Nxd5 Qxd5 14. Rc1
Rad8 15. Bc4 Qd6 16. d5 Ne5 17. Nxe5 Bxe5 18. g3 Bxb2 19. Qb3 Bxc1 20. Rxc1 b6
21. Bf4 Qd7 22. Qb2 Kh8 23. Bb3 Be4 24. Bxc7 Rde8 25. d6 Qg4 26. Qc3 Bf5 27. f3
Qg5 28. f4 Qg4 29. Bd1 Qg6 30. Bf3 Bd7 31. Bc6 Qe6 32. Bxd7 Qxd7 33. Qc6 Qxc6
34. Rxc6 Re1+ 35. Kf2 Rd1 36. Rc4 Re8 37. Ra4 a5 38. Rc4 b5 39. Rc2 Kg8 40. Rb2
Rd5 41. g4 f6 42. h4 Kf7 43. h5 Ke6 44. Bxa5 Kxd6 45. Bb4+ Kd7 46. Rc2 f5 47.
gxf5 Rxf5 48. Rd2+ Ke6 49. Rd6+ Kf7 50. h6 Rxf4+ 51. Kg3 Rxb4 52. axb4 gxh6 53.
Rxh6 Kg7 54. Rb6 Re5 55. Kf4 Rd5 56. Rb7+ Kh6 57. Rb6+ Kh5 58. Ke4 Rg5 59. Kf3
h6 60. Kf2 Rf5+ 61. Kg3 Kg5 62. Rb8 h5 63. Rg8+ Kf6 64. Rf8+ Ke5 65. Rd8 Ke4
66. Rd1 Rd5 67. Rh1 Kd3 68. Rh4 Kc3 69. Kf3 Rd4 70. Rxh5 Rxb4 71. Ke3 Rb3 72.
Rh8 b4 73. Rc8+ Kb2+ 74. Kd2 Rc3 75. Rb8 b3 76. Rb7 Rh3 77. Rb8 Ka1 78. Ra8+
Kb1 79. Ra7 b2 80. Ra8 Rh2+ 81. Kd1 Rh7 82. Kd2 Rd7+ 83. Ke2 Rd4 84. Ke3 Rc4
85. Kd2 Rd4+ 86. Ke3 Kc1 87. Rc8+ Kd1 88. Rb8 Rd2 89. Rb7 Kc1 90. Rb8 Rc2 0-1

[Event "Österreichische Meisterschafte"]
[Site "Imst"]
[Date "2008.03.18"]
[Round "3.7"]
[White "Exler, Veronika"]
[Black "Scheiber, Michael"]
[Result "1/2-1/2"]
[WhiteElo "1974"]
[BlackElo "1943"]
[PlyCount "95"]
[EventDate "2008.03.17"]

1. e4 c5 2. c3 d5 3. exd5 Qxd5 4. d4 Nf6 5. Nf3 Bg4 6. dxc5 Qxd1+ 7. Kxd1 Nc6
8. h3 Bh5 9. b4 e6 10. Kc2 O-O-O 11. Bd3 Be7 12. Bg5 Bxf3 13. gxf3 Rd5 14. Bxf6
Bxf6 15. Be4 Rd7 16. Bxc6 bxc6 17. Nd2 Rhd8 18. Nc4 Rd3 19. Nd6+ R8xd6 20. cxd6
Rxc3+ 21. Kd2 Rxf3 22. Ke2 Ra3 23. Rad1 Rxa2+ 24. Rd2 Rxd2+ 25. Kxd2 Kd7 26.
Kd3 Kxd6 27. Kc4 e5 28. Ra1 Bh4 29. Rxa7 Bxf2 30. Rxf7 Be3 31. Rxg7 h6 32. Rg6+
Kd7 33. b5 cxb5+ 34. Kxb5 Ke7 35. Kc4 Kf7 36. Ra6 Bf4 37. Kd5 Ke7 38. Ke4 Kf7
39. Kf5 Ke7 40. h4 Kd7 41. h5 Ke7 42. Rb6 Kd7 43. Re6 Kd8 44. Rg6 Kd7 45. Rg7+
Kd6 46. Rg6+ Kd7 47. Re6 Kd8 48. Rg6 1/2-1/2

[Event "Österreichische Meisterschafte"]
[Site "Imst"]
[Date "2008.03.18"]
[Round "3.8"]
[White "Kuran, Avelino"]
[Black "Benkö, Markus"]
[Result "1-0"]
[WhiteElo "2104"]
[BlackElo "1943"]
[PlyCount "53"]
[EventDate "2008.03.17"]

1. e4 e5 2. Nf3 Nc6 3. Bc4 Nf6 4. Ng5 d5 5. exd5 Na5 6. Bb5+ c6 7. dxc6 bxc6 8.
Be2 h6 9. Nf3 e4 10. Ne5 Bd6 11. d4 exd3 12. Nxd3 Qc7 13. h3 Nd5 14. O-O O-O
15. b3 Bf5 16. Bb2 Rad8 17. Nd2 Nf4 18. Re1 Rfe8 19. Bf1 Rxe1 20. Qxe1 Nxd3 21.
Bxd3 Bxd3 22. cxd3 Bh2+ 23. Kh1 Bd6 24. Nc4 Nxc4 25. dxc4 Ra8 26. Rd1 f6 27.
Qe6+ 1-0

[Event "Österreichische Meisterschafte"]
[Site "Imst"]
[Date "2008.03.18"]
[Round "3.9"]
[White "Zwanowetz, Thomas"]
[Black "Kuecher, Wolfgang"]
[Result "1-0"]
[WhiteElo "1859"]
[BlackElo "1818"]
[PlyCount "91"]
[EventDate "2008.03.17"]

1. d4 d5 2. c4 e6 3. Nc3 Nf6 4. Bg5 Nbd7 5. Nf3 c6 6. cxd5 exd5 7. e3 Qa5 8.
Nd2 Be7 9. Bd3 Nf8 10. O-O Ng6 11. Rb1 O-O 12. Bxf6 Bxf6 13. b4 Qd8 14. b5 c5
15. Ne2 cxd4 16. Nxd4 Bxd4 17. exd4 Re8 18. Qh5 Nf8 19. Rbe1 Rxe1 20. Rxe1 g6
21. Qh6 Be6 22. Nb3 Rc8 23. Rc1 Rxc1+ 24. Qxc1 Qc8 25. Qxc8 Bxc8 26. Be2 b6 27.
Bf3 Be6 28. Nc1 Nd7 29. Nd3 Nf6 30. Nb4 Ne4 31. Bxe4 dxe4 32. d5 Bd7 33. Nc6
Kf8 34. Nxa7 Ke7 35. Kf1 Kd6 36. Ke2 Kxd5 37. Ke3 f5 38. Kf4 h6 39. h4 Kc5 40.
Ke5 Bxb5 41. Nxb5 Kxb5 42. h5 f4 43. Kxf4 g5+ 44. Kf5 Ka4 45. Kg6 g4 46. g3 1-0

[Event "Österreichische Meisterschafte"]
[Site "Imst"]
[Date "2008.03.19"]
[Round "4.1"]
[White "Breneis, Lukas"]
[Black "Poetz, Florian"]
[Result "1/2-1/2"]
[WhiteElo "2078"]
[BlackElo "2172"]
[PlyCount "51"]
[EventDate "2008.03.17"]

1. Nf3 Nf6 2. g3 d5 3. Bg2 c6 4. O-O Bg4 5. d3 Nbd7 6. Nc3 e5 7. e4 dxe4 8.
Nxe4 Nxe4 9. dxe4 Bc5 10. Qe2 O-O 11. Be3 Qe7 12. h3 Be6 13. Ng5 Bxe3 14. Qxe3
Bc4 15. Rfd1 f6 16. Nf3 Rfd8 17. Rd2 Nc5 18. Rad1 Rxd2 19. Rxd2 b6 20. Nh4 g6
21. Qc3 Qe6 22. b3 Ba6 23. Qe3 Qe7 24. Bf3 Rd8 25. Rxd8+ Qxd8 26. b4 1/2-1/2

[Event "Österreichische Meisterschafte"]
[Site "Imst"]
[Date "2008.03.19"]
[Round "4.2"]
[White "Helmreich, Christian"]
[Black "Lampl, Gerald"]
[Result "1/2-1/2"]
[WhiteElo "1998"]
[BlackElo "2118"]
[PlyCount "63"]
[EventDate "2008.03.17"]

1. e4 c6 2. d4 d5 3. exd5 cxd5 4. Bd3 Nc6 5. c3 Nf6 6. Bf4 g6 7. h3 Bg7 8. Nf3
O-O 9. Nbd2 a6 10. O-O Bf5 11. Bxf5 gxf5 12. Ne5 Nxe5 13. Bxe5 e6 14. Bxf6 Bxf6
15. f4 Kh8 16. Qh5 Qc7 17. Rf3 Rg8 18. Kf2 Rg6 19. g4 Rag8 20. g5 Bxg5 21. fxg5
Rxg5 22. Qh6 Qh2+ 23. Ke3 Rg2 24. Nf1 Qg1+ 25. Kd3 Rxb2 26. Rc1 Qg2 27. Qe3 Rg7
28. Ng3 Rd2+ 29. Qxd2 Qxf3+ 30. Kc2 Rxg3 31. Qh6 Rg7 32. Qf6 1/2-1/2